000 00854nam0a22003011 4500
001 v19\rc\1711114
005 20250619033923.0
035 _a(NLR Aleph) 004810922
090 _a4927607
_c4927607
100 _a20061002d1899 |||y0rusy50 ca
101 0 _arus
102 _aRU
105 _ay z |||a|
200 1 _aСвятой пророк Иона
_eСтихотворение
210 _aЧереповец
_cтип. А.К. Новиковой
_d1899
215 _a19 с.
_d18
300 _aВ конце текста: А.С.Б.
309 _aБез тит. л.
701 0 _aА. С. Б.
702 0 _aИона
_cпророк
_4570
801 0 _aRU
_bNLR
_gpsbo
801 0 _aRU
_bRuMoRGB
_2psbo
801 1 _aRU
_bProSoft-M
_2rusmarc
852 _aNLR
_j20.58.2.7
899 _aRuMoRGB
_jA 263/1062
899 _aБАН
942 _cBOOK
980 _aNB